[Event "Klubbmesterskapet 2014 (A)"]
[Site "Ås, Akershus NOR"]
[Date "2014.04.24"]
[Round "9"]
[White "Furnes, Torstein"]
[Black "Flügel, Stefan"]
[Result "1-0"]
[WhiteElo "1594"]
[BlackElo "1671"]
[Annotator "Stefan Flügel"]
[PlyCount "99"]
[EventDate "2014.01.16"]

{593MB, Rybka3Gen.ctg} 1. d4 {[%emt 0:00:00]} e6 2. c4 {[%emt 0:00:00]} Bb4+ {
[%emt 0:00:00]} 3. Bd2 Qe7 4. Nf3 f5 5. e3 b6 {[%eval 82,16]} 6. Be2 {[%eval
16,16]} Bb7 {[%eval 39,15]} 7. a3 {[%eval 12,19]} Bxd2+ {[%eval 14,16]} 8.
Nbxd2 {[%eval 12,17]} Nf6 {[%eval 13,17]} 9. Qc2 {[%eval 12,16]} d6 {[%eval 22,
15]} 10. b4 {[%eval 19,15]} ({jeg var litt "redd" for det tematiske trekket d5
her; etter det ville det oppstår en helt annet bondestruktur (SF):} 10. d5 {
[%eval -10,16]} exd5 {[%eval -3,15]} 11. Qxf5 {[%eval -4,17]} O-O {[%eval -15,
15]} 12. cxd5 {[%eval -16,15]} Nxd5 {[%eval 1,16]} 13. Qc2 {[%eval 1,15]})
10... Nbd7 {[%eval 18,15]} 11. b5 {[%eval -16,17]} O-O {[%eval -14,17]} 12. O-O
{[%eval -15,16]} Ne4 {[%eval -14,17]} 13. a4 {[%eval -14,15]} g5 {[%eval 71,16]
} 14. Ne1 {[%eval -1,14]} g4 {[%eval 32,15]} 15. f3 {[%eval 25,13]} Nxd2 {
[%eval 37,15]} 16. Qxd2 {[%eval 32,15]} Qg5 {[%eval 65,16]} 17. Nd3 {[%eval 51,
15]} Rf6 {[%eval 73,14]} 18. Nf4 {[%eval 15,14]} e5 {[%eval 50,17]} 19. Nd5 {
[%eval 49,16]} Rh6 {[%eval 46,14]} 20. fxg4 {[%eval 29,16]} (20. Nxc7 $2 {
[%eval -1025,17]} Rxh2 $1 {[%eval -1024,16]} 21. g3 {[%eval -824,13]} (21. Kxh2
{[%eval -32763,7]} Qh4+ {[%eval -32765,7]} 22. Kg1 {[%eval -32765,7]} g3 {
[%eval -32765,7]} 23. Rfe1 {[%eval -32765,7]} Qh2+ {[%eval -32767,7]} 24. Kf1 {
[%eval -32767,7]} Qh1# {[%eval 0,0]}) 21... Rh3 $1 {[%eval -604,12]} 22. f4 {
[%eval -667,15]} (22. Kg2 {[%eval -32765,7]} gxf3+ {[%eval -32765,7]} 23. Rxf3
{[%eval -32765,7]} Qxg3+ {[%eval -32767,7]} 24. Kf1 {[%eval -32767,7]} Rh1# {
[%eval 0,0]}) 22... Rxg3+ {[%eval -664,20]} 23. Kf2 {[%eval -665,16]} exf4 {
[%eval -664,17]} 24. Ke1 {[%eval -665,16]} (24. exf4 {[%eval -1651,16]} Qh4 $1
{[%eval -1667,18]}) 24... Rxe3 {[%eval -664,16]}) 20... fxg4 {[%eval 33,14]}
21. g3 $1 {[%eval 29,16] det ser litt skummelt ut å lage hull rundt kongen med
g3 virker å være et sterkt forsvarstrekk i følge Rybka (SF)} Bxd5 {[%eval 30,
16]} 22. cxd5 {[%eval 29,16]} exd4 {[%eval 91,17]} 23. Qxd4 {[%eval 90,17]} Re8
$2 {[%eval 173,18] den første tydelige feilen i partiet; svart burde ha
forsvart g4 bonden med Tg6 eller Se5 (SF)} 24. Bxg4 {[%eval 161,19]} Nc5 {
[%eval 159,17]} 25. Rf4 $2 {[%eval 3,19]} Qe5 $2 {[%eval 176,17]} (25... Nb3 $1
{[%eval 4,17]} 26. Be6+ {[%eval 3,21]} Rhxe6 {[%eval 8,18]} 27. Rg4 {[%eval 4,
22]} Nxd4 {[%eval 4,20]} 28. Rxg5+ {[%eval 3,24]} Kh8 {[%eval 4,21]} 29. exd4 {
[%eval 4,21]} (29. dxe6 $2 {[%eval -375,20]} Nf3+ {[%eval -362,19]}) 29... Re1+
{[%eval 4,25]} 30. Rxe1 {[%eval 4,21]} Rxe1+ {[%eval 5,24]} 31. Kf2 {[%eval 6,
21]} Ra1 {[%eval 5,21] vurderes som helt likt av Rybka (SF)}) 26. Qxe5 {[%eval
145,15]} Rxe5 {[%eval 178,20]} 27. Raf1 {[%eval 177,18]} Re7 {[%eval 178,18]}
28. Rf8+ {[%eval 107,13]} Kg7 {[%eval 108,18]} 29. Ra8 {[%eval 91,19]} Nxa4 {
[%eval 101,17]} 30. Be6 {[%eval 101,21]} Rg6 {[%eval 102,18]} 31. Rf4 {[%eval
101,19]} Rgxe6 {[%eval 163,18]} (31... Nc5 {[%eval 122,20]} 32. Bf5 {[%eval
132,19]} (32. Rg8+ {[%eval 0,13]} Kh6 {[%eval 0,21]} 33. Rh4+ {[%eval 0,13]}
Kg5 {[%eval 0,21]} 34. Rg4+ {[%eval 0,20] er ikke mer en remis (noe jeg
feilvurderte) (SF)}) 32... Rg5 {[%eval 133,17]} 33. g4 {[%eval 137,19]} Rxe3 {
[%eval 129,17]} 34. h4 {[%eval 132,18]} Rxf5 {[%eval 113,16]} 35. Rxf5 {[%eval
95,19]} Rg3+ {[%eval 91,20]} 36. Kf1 {[%eval 90,20]} Rxg4 {[%eval 91,19]
virker å gi et svart et litt bedre sluttspill; men så klart er det hvit som
står best uansett (SF)}) 32. dxe6 {[%eval 161,20]} Nc3 {[%eval 163,20]} 33.
Rf7+ {[%eval 140,24]} (33. Rb4 {[%eval 164,18] tror jeg er bedre (SF)}) 33...
Rxf7 {[%eval 140,23]} 34. exf7 {[%eval 139,23]} Kxf7 {[%eval 139,23]} 35. Rxa7
{[%eval 138,23]} Nxb5 {[%eval 139,20]} 36. Ra1 {[%eval 126,18]} Ke6 {[%eval
127,19]} 37. Kf2 {[%eval 96,20]} Kd5 {[%eval 127,18]} 38. g4 {[%eval 108,22]}
Nc3 {[%eval 115,20]} 39. Rc1 $2 {[%eval 0,20] en feil i følge Rybka som vil
spille Ta7} Ne4+ {[%eval 118,21]} 40. Kf3 {[%eval 78,19]} c5 {[%eval 79,24]}
41. Kf4 {[%eval 125,22]} Nf2 {[%eval 126,21]} 42. Rc2 $2 {[%eval 1,19]} (42.
Kf5 {[%eval 78,21] beholder i følge Rybka en liten fordel for hvit (SF)}) 42...
Nd3+ {[%eval -97,21]} 43. Kf5 {[%eval -56,19]} b5 {[%eval -124,22]} 44. g5 {
[%eval -57,19]} c4 {[%eval -77,21]} 45. h4 {[%eval -57,21]} b4 {[%eval -56,21]}
46. h5 {[%eval -57,19]} c3 $4 {[%eval 1438,19] trekket er basert på en
feilberegning; ser kommentar til svart sin 49. trekk (SF)} (46... b3 {[%eval
-21,23]} 47. Rd2 {[%eval -534,21]} (47. Rb2 {[%eval -22,22]} Ne5 {[%eval -27,
20]} 48. g6 {[%eval -621,21]} hxg6+ {[%eval -620,21]} 49. hxg6 {[%eval -624,17]
} Nxg6 {[%eval -628,20]} 50. Kxg6 {[%eval -621,19]} Kc5 {[%eval -618,20] er
også vunnet var svart (SF)}) 47... c3 {[%eval -533,21]} 48. Rxd3+ {[%eval -530,
20]} Kc4 {[%eval -520,18] det var varianten jeg vurderte først men som jeg
ikke klarte å beregne til gevinst (SF)} 49. Rd4+ {[%eval -582,18]} Kc5 {[%eval
-581,17]} 50. g6 {[%eval -608,16]} b2 {[%eval -592,17]} 51. g7 {[%eval -602,14]
} b1=Q+ {[%eval -612,20]} 52. Kf6 {[%eval -592,18]} Qg1 {[%eval -589,17]} 53.
Re4 {[%eval -595,16]} c2 {[%eval -612,17]}) 47. g6 {[%eval 1423,18]} hxg6+ {
[%eval 1364,17]} 48. hxg6 {[%eval 1524,20]} Ne5 {[%eval 1786,20]} 49. g7 {
[%eval 1814,21]} Nf7 {[%eval 32758,9] først etter jeg hadde spilt trekket så
jeg at jeg har ikke Sh6+ i neste trekk (SF)} 50. g8=Q {[%eval 32758,12] og
svart måtte gi seg (SF)} 1-0

[Event "Klubbmesterskapet 2014 (A)"]
[Site "Ås, Akershus NOR"]
[Date "2014.04.10"]
[Round "9"]
[White "Bakken, Svein-Erik"]
[Black "Holm, Bjarne"]
[Result "0-1"]
[WhiteElo "1408"]
[BlackElo "1447"]
[Annotator "Lea, Per"]
[PlyCount "110"]
[EventDate "2014.01.16"]

1. d4 d6 2. c4 Nf6 3. Nc3 Nbd7 4. Qb3 {Definitivt ikke den mest spilte
varianten: www.chesslive.de har INGEN partier med 4. Db3, derimot har hvit
spilt 15(!) andre trekk her. Det vanligste er 4. Sf3, som er spilt ca 7500
ganger. Critter 1.6 vurderer da også dette, sammen med 4.e4 (spilt nesten 5000
ganger) som hvits beste trekk.} e5 5. dxe5 Nxe5 6. Bg5 c6 7. e3 h6 8. Bh4 Be7
9. Nf3 Qc7 10. Be2 Bg4 $2 (10... Bf5 11. O-O O-O 12. Rad1 $11) 11. Nxe5 $1 Bxe2
12. Nxe2 $2 (12. Nxf7 $1 Kxf7 13. Nxe2 {og hvit har en sunn merbonde.}) 12...
dxe5 13. O-O g5 14. Bg3 Ne4 15. Qc2 Nxg3 16. Nxg3 Bc5 17. Rad1 {Nå begynner
hvit å stå farlig bra! Selv om svart har løper mot springer, så er
bondestillingen temmelig råtten, og kongen kan ikke rokere seg til en tryggere
stilling: kongefløyen er lekk som en sil.} Rd8 18. Rxd8+ {Ingen grunn til å
forenkle.} ({Bedre er} 18. Qf5 O-O 19. Qf6 Be7 20. Qxh6 Rd6 21. Rxd6 Qxd6 22.
Qxd6 Bxd6 {med fordel for hvit}) 18... Qxd8 19. Rd1 Qc8 20. Qe4 (20. Nh5 Be7
21. Qe4 Qc7 22. Ng7+ Kf8 23. Nf5 {er ubehagelig for svart}) 20... Qe6 21. Nf5
O-O 22. a3 a5 23. Qd3 Bb6 24. Qd7 $4 Rd8 25. Qxd8+ Bxd8 26. Rxd8+ Kh7 27. e4
Qxc4 28. f3 Qc1+ 29. Kf2 Qxb2+ 30. Kg3 Qc1 31. Rd6 Qf4+ 32. Kf2 g4 33. Rd7 (33.
Rxh6+ Kg8 34. Ne7+ Kf8 35. Nf5 Ke8 (35... gxf3 $4 36. Rh8#) 36. Rh8+ Kd7 {er
verd et forsøk, men det holder ikke til å berge partiet}) 33... Kg6 34. Nh4+
Kg5 35. g3 Qf6 36. Rxb7 c5 37. Rc7 gxf3 38. Nf5 Qa6 39. Kxf3 Qd3+ 40. Ne3 Qxa3
41. Rxf7 a4 42. Rf5+ Kg6 43. Rxe5 c4 44. Kf4 Qf8+ 45. Rf5 Qd6+ 46. Kg4 c3 47.
Rd5 Qe6+ 48. Kf3 a3 49. Ra5 Qd6 50. Nd5 c2 51. Nf4+ Qxf4+ 52. gxf4 c1=Q 53.
Ra6+ Kh5 54. f5 Qf1+ 55. Ke3 Qxa6 0-1

[Event "Klubbmesterskapet 2014 (A)"]
[Site "Ås, Akershus NOR"]
[Date "2014.04.10"]
[Round "9"]
[White "Lange, Holger"]
[Black "Moberg, Jan Rune"]
[Result "1-0"]
[WhiteElo "1634"]
[BlackElo "1506"]
[Annotator "Lange,Holger"]
[PlyCount "105"]
[EventDate "2014.01.16"]

1. e4 e5 2. Nf3 d6 3. d4 Nd7 {Philidor-eksperten Jan Rune føler seg hjemme her}
4. Bc4 c6 5. O-O Be7 {og ikke} (5... b5 6. Bxf7+ Kxf7 7. dxe5 dxe5 8. Nxe5+ Ke6
$4 {som Per spilte mot Jan Rune noen gang i bronsealderen}) 6. a4 {mot ...b5
selvsagt. Finnes i databasen, men er sjelden spilt. Mer vanlig er dxe5 eller
Sc3.} Ngf6 7. Nc3 O-O 8. Re1 Qc7 {siste trekk i databasen. 9. La2 finnes, men
ikke 9. Lb3} 9. Bb3 $6 exd4 10. Nxd4 Re8 11. Nf5 Bf8 12. Bf4 {her har hvit
aktivt spill, men stillingen er vel fortsatt i balansen} Ne5 13. Ng3 Bg4 14. f3
Be6 15. Bxe6 Rxe6 16. Nf5 Qb6+ 17. Nd4 {nei, det blir ikke bondetap for hvit!}
Ree8 18. Rb1 {eller var b3 bedre? Tenkte lang her. Houdini foretrekker faktisk
a5 !} Rad8 19. Kh1 a5 20. Bg5 Be7 21. Nf5 {Hvit står litt bedre her. Fordelen
er ikke avgjørende men jeg følter meg ganske behagelig i stillingen} Qc7 22.
Qe2 h6 23. Bh4 (23. Nxe7+ Qxe7 24. Be3 {var alternativet jeg vurderte en god
stund. Jan Rune spilte som vanlig veldig rask, jeg hadde rundt 35 min igjen på
klokka. Likevel beholder hvit initiative hvis man ikke bytte}) 23... Ng6 (23...
g5 $4 24. Nxh6+ Kh7 25. Bxg5 $18) 24. Bg3 Bf8 25. f4 $2 {jeg likte ikke at
svart kan spille ...Sh5 med etterfølgende ...Sf4, men det var ikke så farlig.
Etter} Qc8 $1 {er hvits fordel fullstendig borte igjen. Bl. annet er ...Sxe4
en trussel som vinner en bonde.} 26. Nh4 Nxh4 (26... Nxe4 27. Nxe4 d5 28. Nf6+
gxf6 29. Qd3 Kh7 $15) 27. Bxh4 Be7 28. Bf2 {nå er det hvit som truer
bondevinst med Lb6. Svart reagerte ekstremt rask med} Qc7 29. Rbd1 Nh7 30. Bd4
Bf6 31. e5 $1 dxe5 32. fxe5 c5 33. Nb5 Qc6 $2 (33... Qb8 34. Bc3 Rxd1 35. Qxd1
Bxe5 $11) 34. Bc3 Bh4 35. Rxd8 Rxd8 36. Rf1 {Svart må gi bonden på a5 nå. Hvit
står bedre men det er likevel en lang vei å gå (Houdini viser ikke mer enn +0.
5 etter 36. ... Le7)} Re8 $4 {Tapstrekk!} 37. Qc4 $1 {både Lh4 og f7 henger}
Bd8 38. Qxf7+ (38. Nd6 Re6 39. Rxf7 Ng5 40. h4 {var enda sterkere}) 38... Kh8
39. Na7 Qe6 40. Qxb7 Bb6 41. Nb5 Qc4 42. Qf7 Qxf7 43. Rxf7 Rf8 44. e6 $1 Rd8
45. g3 Ng5 46. Rxg7 Ne4 47. Rd7+ (47. Be5 Rd1+ 48. Kg2 Rd2+ 49. Kf3 {går
betydelig raskere, svart kan gi seg med en gang}) 47... Nxc3 48. Rxd8+ Bxd8 49.
Nxc3 Kg7 50. Nd5 $1 {Konge kommer ikke til å vinne e6!} Kf8 51. Kg2 Bg5 52. Kf3
Bc1 53. b3 1-0

[Event "Klubbmesterskapet 2014 (A)"]
[Site "Ås, Akershus NOR"]
[Date "2014.04.10"]
[Round "9"]
[White "Fuglseth, Jan"]
[Black "Kielland-Lund, Jon"]
[Result "0-1"]
[WhiteElo "1584"]
[BlackElo "1609"]
[Annotator "Lea, Per"]
[PlyCount "98"]
[EventDate "2014.01.16"]

1. c4 c5 2. Nc3 Nf6 3. Nf3 d5 4. e3 $2 ({Den enkleste måten for hvit å unngå
et svakt bondesentrum, er} 4. cxd5 Nxd5 5. e3 Nc6 6. d4) 4... d4 5. exd4 cxd4
6. Nb5 Nc6 7. d3 e5 8. Bg5 a6 9. Na3 Bb4+ 10. Nd2 O-O 11. Be2 Qd6 12. Nc2 Ba5
13. O-O Bf5 14. Bxf6 Qxf6 15. f3 Qg6 16. Ne4 Bc7 17. b4 b5 18. c5 Ne7 19. Kh1
Nd5 20. g3 Bxe4 21. fxe4 Nc3 22. Qd2 Qe6 23. Rf5 g6 24. Rf2 Kg7 25. Bf3 Bd8 26.
a3 h6 27. Qe1 Ra7 28. Qg1 Be7 29. Rc1 Rfa8 30. Rff1 a5 31. Rfe1 Qb3 $2 (31...
axb4 32. axb4 Ra2 $2 33. Nxd4 exd4 34. Qxd4+ Bf6 35. e5 Bg5 36. Rxc3 $15) (
31... Kg8 {for å unngå taktiske forviklinger som begynner med Sxd4 er svarts
beste plan}) 32. Nxd4 Qxa3 (32... exd4 $4 33. Qxd4+ Kg8 34. Qxc3 $18) 33. Nc6
Rc7 34. Ra1 Qb3 35. Nxe7 Rxe7 36. bxa5 Rd7 37. Qe3 Ra6 38. Rec1 Na4 39. Bd1 Qb4
40. Bxa4 bxa4 41. Rc4 Qb3 42. Raxa4 $4 (42. Rcxa4) ({Riktig var} 42. Rcxa4 Rxd3
43. Qe2 Rd8 44. R4a3 (44. Qxa6 Qf3+ 45. Kg1 Qe3+ 46. Kh1 (46. Kf1 $4 Rd2 {med
ugarderlig matt})) 44... Qb7 {og hvit har en liten fordel, men det kan bli
vanskelig å utnytte de to fribøndene med alle tunge offiserene igjen på brettet
}) 42... Rxd3 (42... Qd1+ $1 43. Qg1 (43. Kg2 Rxd3 {og hvit har ikke noe bedre
enn å gi dronninga for et tårn}) 43... Qxd3 44. h4 Rf6 45. Rc1 Qf3+ 46. Qg2
Rd1+ 47. Kh2 Rxc1 $18) 43. Qe2 Rxa5 44. Rab4 $4 Ra1+ {Gir bort nesten hele
fordelen} ({Riktig var} 44... Qd1+ {med forsert matt i høyst 9 trekk, men det
er ikke så lett å se ved brettet.} 45. Qxd1 Rxd1+ 46. Kg2 Ra2+ 47. Kh3 (47. Kf3
Rd3+ 48. Kg4 Rxh2 49. Rd4 h5+ 50. Kg5 Rxg3#) 47... Rdd2 48. Ra4 Rxh2+ 49. Kg4
h5+ 50. Kf3 Rae2 51. g4 Rhf2+ 52. Kg3 Rg2+ 53. Kh3 (53. Kf3 hxg4#) 53... Rh2+
54. Kg3 h4+ 55. Kf3 Rhf2#) 45. Kg2 Ra2 46. Kf2 $4 (46. Rxb3 Rxe2+ 47. Kf1 Rdd2
{er fordelaktig for svart, men heller ikke mer...}) 46... Rxe2+ 47. Kxe2 Qd1+
48. Kf2 Rd2+ 49. Ke3 Qe2# 0-1

[Event "Klubbmesterskapet 2014 (A)"]
[Site "Ås, Akershus NOR"]
[Date "2014.04.10"]
[Round "9"]
[White "Høva, Frode"]
[Black "Lea, Per"]
[Result "0-1"]
[WhiteElo "1540"]
[BlackElo "1662"]
[Annotator "Lea, Per"]
[PlyCount "86"]
[EventDate "2014.01.16"]

1. d4 d5 2. c4 e6 3. Nc3 Nf6 4. cxd5 exd5 5. Bg5 Be7 6. e3 O-O 7. Qc2 c6 8. Bd3
Nbd7 9. Nge2 (9. Nf3 {er registrert dobbelt så mange ganger (ca 10 000) som
teksttrekket, men som svart har jeg hatt mer problemer med at springeren går
til e2. Da kan den gå til g3, eventuelt i sammenheng med bondetrekk til f3 og
e4.} Re8 10. O-O) 9... Re8 10. O-O Nf8 11. f3 {De siste trekkene stemmer med
den mest populære varianten på www.chesslive.de. Svarts neste trekk er også
vært spilt noen ganger} Nh5 (11... Be6 {er nok vanligere - og bedre. Når hvit
har spilt 11.f3 er det allikevel utelukket med standarplanen å sette en
springer på e4 og få tettet diagonalen, en plan som fungerer fordi Lg5 henhger,
og etter avbytte på e7 har svart enda en brikke som garderer Se4}) 12. Bxe7
Qxe7 13. e4 Nf6 $2 (13... dxe4 14. fxe4 Be6 {var det minste av flere onder})
14. e5 N6d7 15. f4 f6 16. Rf2 Nb6 17. Re1 Bd7 18. Ng3 g6 {spilt i den tro at
dette var eneste mulighet til å unngå katastrofe, men som hvit påpekte etter
partiet, var det både her og seinere mulig å spille c5} 19. f5 $1 fxe5 20. Rxe5
({Jeg fryktet} 20. f6 Qf7 21. dxe5) 20... Qd6 (20... Qg7 {er tryggere, men} 21.
f6 Qf7 22. Qc1 Rxe5 23. dxe5 {ser skummelt ut}) 21. Rfe2 $2 (21. Qe2 {holder
presset oppe: etter teksttrekket har hvit gitt opp f-linja}) 21... Rxe5 {Svart
er innstilt på forenklinger} (21... Qb4 $1 {var trekket her} 22. Rxe8 Bxe8 23.
Rf2 Qxd4 24. Nce2 Qg7 25. f6 Qc7 {og svart har ingenting å frykte}) 22. Rxe5 (
22. dxe5 Qc5+ 23. Rf2 gxf5 24. Bxf5 Re8 {er kanskje ikke så farlig som jeg
trodde under partiet}) 22... Re8 23. fxg6 hxg6 24. Rxe8 (24. Rg5 $4 {ville
vært en stor feil:} Qf4 $1 25. h4 Qxh4 26. Rxg6+ Nxg6 27. Bxg6 Qxg3 28. Bxe8
Qe1+ 29. Kh2 Qh4+ 30. Kg1 Qxd4+ 31. Kf1 Bxe8 $19) 24... Bxe8 25. Qf2 {Til
tross for den luftige svarte kongestillingen er dette sannsynligvis remis, men
svart var i ferd med nærme seg en tidsnød: 12 minutter på de neste 15 trekkene.
} Nbd7 26. Nge2 Ne6 27. Qe3 Kg7 28. Nd1 c5 29. Bb5 a6 30. Bxd7 Bxd7 31. dxc5
Qxc5 32. Qxc5 Nxc5 33. Ndc3 Be6 34. Nd4 (34. Nf4 Kf7 35. Nfxd5 Nd3 36. b3 Bxd5
37. Nxd5 Ke6 {og dette kan være vanskelig for svart å holde}) 34... Kf6 35. b3
Ke5 36. Nxe6 $2 (36. Nf3+ Kd6 37. Kf2 {og hviit har ingen problemer med å
holde remis}) 36... Nxe6 37. Kf2 d4 38. Nd1 b5 $2 (38... Ke4 {er trekket her}
39. Ke2 Nf4+ 40. Kf2 g5 41. g3 Nd3+ 42. Kf1 g4 $19) 39. Nb2 Nc5 40. Kf3 Kf5 {
Nå har det litt i hopp og kast mens vurderingene har vekslet mellom liten
fordel til hvit - remis - liten fordel for svart. Men nå er i hvert fall den
tidsnøden som til slutt rammet begge, over.} 41. g3 g5 42. h4 $2 (42. b4 g4+
43. Ke2 Ne4 44. Kd3 {er trolig remis}) 42... g4+ {selv om hvit får en fribonde,
så er allikevel den svarte bonden nærmere forvandlingsfeltet} 43. Ke2 Ne4 {
Mange ville nok kjempet videre, men hvit valgte allikevel å gi opp. Når den
hvite g-bonden forsvinner, løper den svarte fort til g1.} 0-1

[Event "Klubbmesterskapet 2014 (B)"]
[Site "Ås, Akershus NOR"]
[Date "2014.01.16"]
[Round "1"]
[White "Simonsen, Steinar"]
[Black "Petersen, Rune J"]
[Result "1-0"]
[WhiteElo "1333"]
[BlackElo "872"]
[PlyCount "67"]
[EventDate "2014.01.16"]

1. e4 e6 2. d4 d6 3. Nf3 Be7 4. Bd3 Bd7 5. Nc3 Nc6 6. O-O Bf6 7. d5 Ne5 8. Nxe5
Bxe5 9. Bd2 a6 10. f4 Bd4+ 11. Kh1 Nf6 12. Qe2 O-O 13. Nd1 e5 14. f5 c6 15. c3
Bb6 16. c4 Bd4 17. Bg5 c5 18. Rb1 h6 19. Bh4 g5 20. fxg6 fxg6 21. Ne3 g5 22.
Bf2 Bxe3 23. Bxe3 Ng4 24. h3 Nxe3 25. Qxe3 Qe7 26. Be2 Kg7 27. Bh5 Rxf1+ 28.
Rxf1 Rf8 29. Rb1 g4 30. Qg3 Qg5 31. Bxg4 Bxg4 (31... h5) 32. Qxg4 Rf4 33. Qd7+
Rf7 34. Qxd6 {Svart tapte på tid.} 1-0

[Event "Klubbmesterskapet 2014 (B)"]
[Site "Ås, Akershus NOR"]
[Date "2014.01.16"]
[Round "1"]
[White "Lange, Magnus Øyvind"]
[Black "Olsen, Trygve"]
[Result "0-1"]
[WhiteElo "649"]
[BlackElo "1243"]
[PlyCount "96"]
[EventDate "2014.01.16"]

1. e4 c5 2. Nc3 Nc6 3. Nf3 g6 4. Bc4 e6 5. d3 Bg7 6. Bg5 Nge7 7. O-O O-O 8. Re1
d6 9. h3 Qd7 10. Bxe7 Qxe7 11. Bb5 Nd4 12. e5 Nxf3+ 13. Qxf3 d5 14. Na4 Qc7 15.
c3 a6 16. d4 axb5 17. Nxc5 b6 18. Nd3 Qe7 19. Re3 Bb7 20. Rae1 Rxa2 21. Qf4 Bc8
22. Rf3 f5 23. Qc1 h5 24. Nb4 Ra8 25. Nc6 Qd7 26. Nb4 Kh7 27. b3 Bb7 28. Qb2
Ra5 29. Ra1 Bh6 30. Rxa5 bxa5 31. Nc2 Qd8 32. Qa3 Rf7 33. Qd6 Qxd6 34. exd6 Bf8
35. b4 a4 36. Re3 Bc8 37. Na3 Bd7 38. Re5 Bxd6 39. Re1 Re7 40. Ra1 e5 41. Nc2
e4 42. f3 exf3 43. gxf3 Re2 44. Ne1 Rh2 45. Ng2 Rxh3 46. Ne3 Be6 47. Kg2 Rh2+
48. Kf1 Rh1+ 0-1

[Event "Klubbmesterskapet 2014 (B)"]
[Site "Ås, Akershus NOR"]
[Date "2014.01.16"]
[Round "1"]
[White "Thowsen, Alf Geir"]
[Black "Lange, Christine Julia"]
[Result "1-0"]
[WhiteElo "1173"]
[BlackElo "510"]
[PlyCount "155"]
[EventDate "2014.01.16"]

1. d4 d5 2. c4 Nf6 3. Nf3 e6 4. e3 Nbd7 5. cxd5 exd5 6. Nc3 Bb4 7. Qb3 Bxc3+ 8.
Qxc3 Ne4 9. Qc2 O-O 10. Bd3 Ndf6 11. O-O Bf5 12. Nd2 Qd6 13. f3 Nxd2 14. Bxd2
Bxd3 15. Qxd3 c5 16. dxc5 Qxc5 17. Rac1 Qb6 18. Bc3 Rad8 19. Bd4 Qe6 20. Rc2 b6
21. Qa6 Rc8 22. Rfc1 Rxc2 23. Rxc2 Qd7 24. Be5 Ne8 25. Qf1 Nd6 26. Qc1 f6 27.
Rc7 Qe6 28. Bxd6 Qxd6 29. Rxa7 Qe6 30. Kf2 Re8 31. Ra3 d4 32. Rd3 dxe3+ 33.
Rxe3 Qd7 34. Rxe8+ Qxe8 35. Qe3 Qb5 36. Qb3+ Qxb3 37. axb3 Kf7 38. Ke3 Ke6 39.
Kd4 Kd6 40. b4 Kc6 41. Kc4 b5+ 42. Kd4 Kd6 43. f4 f5 44. h3 h6 45. b3 h5 46. h4
g6 47. g3 Kc6 48. Ke5 Kd7 49. Kf6 Kd6 50. Kxg6 Kd5 51. Kxf5 Kd4 52. Ke6 Kc3 53.
f5 Kxb4 54. f6 Kxb3 55. f7 b4 56. f8=Q Kc3 57. Qxb4+ Kxb4 58. Kf5 Kc3 59. Kg5
Kd3 60. Kxh5 Ke4 61. Kg6 Kf3 62. h5 Kxg3 63. h6 Kh4 64. h7 Kg4 65. h8=Q Kf4 66.
Qh5 Ke4 67. Kf6 Kd4 68. Ke6 Kc4 69. Kd6 Kb4 70. Kc6 Kc4 71. Qg4+ Kd3 72. Kc5
Ke3 73. Kd5 Kd3 74. Qf3+ Kd2 75. Kc4 Kc2 76. Qe2+ Kc1 77. Kb3 Kb1 78. Qb2# 1-0

[Event "Klubbmesterskapet 2014 (B)"]
[Site "Ås, Akershus NOR"]
[Date "2014.01.23"]
[Round "2"]
[White "Aalmo, Alexander"]
[Black "Garmark, Vegard"]
[Result "1-0"]
[WhiteElo "1098"]
[BlackElo "1254"]
[PlyCount "113"]
[EventDate "2014.01.16"]

1. d4 Nf6 2. Nf3 d5 3. Bg5 Nbd7 4. e3 Ne4 5. Bh4 Ndf6 6. c4 e6 7. a3 a5 8. Bd3
Be7 9. Qc2 O-O 10. cxd5 exd5 11. Nbd2 Nxf2 12. Bxf2 Ng4 13. Bxh7+ Kh8 14. Bf5
Bg5 15. Bxg4 Bxg4 16. Nxg5 Qxg5 17. Nf3 Qf6 18. Ne5 Bf5 19. Qb3 c6 20. O-O Qg5
21. Bg3 f6 22. Bf4 Qh5 23. Qxb7 fxe5 24. Bxe5 Qf7 25. Qxf7 Rxf7 26. g4 Be6 27.
Rxf7 Bxf7 28. Rf1 Be6 29. g5 Kh7 30. h4 g6 31. Rf6 Re8 32. Kf2 Kg8 33. Rxg6+
Kf7 34. Rg7+ Kf8 35. Rc7 Rc8 36. Bd6+ Kg8 37. Re7 Rf8+ 38. Kg2 Bg4 39. Bf4 a4
40. Rb7 Rc8 41. Ra7 Bd1 42. Kg3 c5 43. Rc7 Rxc7 44. Bxc7 cxd4 45. exd4 Kg7 46.
Kf4 Kg6 47. Ke5 Bf3 48. Ba5 Be4 49. Bc3 Kh5 50. Be1 Kg6 51. b4 axb3 52. Bc3 Kh5
53. Kf6 Bg6 54. a4 Be8 55. a5 Kxh4 56. g6 Kh5 57. g7 1-0

[Event "Klubbmesterskapet 2014 (B)"]
[Site "Ås, Akershus NOR"]
[Date "2014.01.23"]
[Round "2"]
[White "Aasestad, Tor Erik"]
[Black "Nissen, Ulrik"]
[Result "0-1"]
[WhiteElo "876"]
[BlackElo "1159"]
[Annotator "Lea, Per"]
[PlyCount "72"]
[EventDate "2014.01.16"]

1. Nf3 e6 2. e4 d5 3. e5 Ne7 4. d4 Nf5 5. Bf4 c5 6. c3 Qb6 7. b3 Bd7 8. Be2 Bb5
9. Bxb5+ Qxb5 10. Nbd2 Nc6 11. c4 dxc4 12. Nxc4 Rd8 13. O-O Ncxd4 14. Nxd4 Rxd4
15. Qf3 Be7 16. Rfd1 O-O 17. Rxd4 cxd4 18. Nd6 Nxd6 19. exd6 Bf6 20. Rd1 Rd8
21. g3 e5 22. Bd2 Rxd6 23. Qe4 Qd5 24. Re1 Qxe4 25. Rxe4 b5 26. f4 Re6 27. fxe5
Bxe5 28. Bf4 f6 29. Kf2 Ra6 30. Bxe5 Rxa2+ 31. Re2 Rxe2+ 32. Kxe2 fxe5 33. Kd3
Kf7 34. h4 a5 35. g4 a4 36. bxa4 bxa4 0-1